Cómo dirigir una pequeña empresa : decálogo de la supervivencia y el éxito /

Kaydedildi:
Detaylı Bibliyografya
Yazar: Resnik, Paul (autor)
Materyal Türü: Kitap
Dil:İspanyolca
Baskı/Yayın Bilgisi: Madrid, España : McGraw-Hill, 1992, c1992
Seri Bilgileri:(McGraw-Hill de Management)
Konular:
Etiketler: Etiketle
Etiket eklenmemiş, İlk siz ekleyin!

MARC

LEADER 00000nam^a2200000^a^4500
001 000065788
005 20250521000000.0
009 20260310091154.552
020 |a 84-481-0003-4 
037 |a Acervo ITESO - Biblioteca 
041 |a ESP 
082 |a 658. 022  |b RES 
100 |a Resnik, Paul  |e (autor) 
245 1 0 |a Cómo dirigir una pequeña empresa :  |b decálogo de la supervivencia y el éxito /  |c P. Resnik ; tr. por Juan Ramón Piñas Postill. 
264 4 |a Madrid, España :  |b McGraw-Hill,  |c 1992, c1992 
300 |a 204 p. 
336 |a texto  |b txt  |2 rdacontenido 
337 |a sin mediación  |b n  |2 rdamedio 
338 |a volumen  |b nc  |2 rdasoporte 
440 1 |a (McGraw-Hill de Management) 
500 |a Traducción de: The Small Business Bible 
649 |a XX 
650 |a Pequeña Empresa -  |x Administración -  |x Tema Principal 
650 |a Proceso Administrativo -  |x Dirección 
650 |a Administración 
650 |a Ciencias Administrativas 
910 |a Fondo General 
920 |a Impresos - Libros 
930 |a Colección General 
905 |a 101 
901 |a 0500021238  |b IT1  |c ACC  |u 20250521 
901 |a 0500179043  |b IT1  |c ACC  |u 20250521 
902 |a https://opac.biblio.iteso.mx/vufind/Record/000065788